01152nam a2200217 a 450000100060000000300090000600800410001502000150005604000280007108200180009910000210011724500280013826000240016630000100019050506170020065000110081765000270082865000270085565000260088265000260090822954CO-ViMGA141112s2004 ck r 000 u spa d a8449421888 aCO-ViMGAbspacCO-ViMGA04a616.992 O776e1 aOtto, Shirley E.10aEnfermeria Oncològica aEspaña : bOceano a3 Vol aVOLUMEN 1 : Aspactos clinicos del diagnosticos del cancer, Tratamiento clinico de los principales tipos de cancer, Modalidades de tratamiento del cancer, Terapias ayudantes en el tratamiento del cancer \ VOLUMEN 2 : Aspactos clinicos del diagnosticos del cancer, Tratamiento clinico de los principales tipos de cancer, Modalidades de tratamiento del cancer, Terapias ayudantes en el tratamiento del cancer \ VOLUMEN 3 : Aspactos clinicos del diagnosticos del cancer, Tratamiento clinico de los principales tipos de cancer, Modalidades de tratamiento del cancer, Terapias ayudantes en el tratamiento del cancer14aCANCER14aCANCER - QUIMOTERAPIA 14aCANCER - RABIOTERAPIA 14aCANCER - TRATAMIENTO 14aENFERMERIA ONCOLOGIA